Statistics for Countries of East Asia in 750 B.C. with a Map

Click here to take the quiz!

General Stats

  • This quiz has been taken 1,408 times
  • The average score is 17 of 58

Answers on the Map

Answers color-coded by a green-red scale on the quiz's map according to % correct below.
 

Answer Stats

Countries% Correct
68%
68%
Wu
61%
Qin
60%
Xi
60%
Chen
59%
Shen
58%
Jin
54%
Ji
53%
Jia
53%
Zhou
53%
Tamna
48%
Song
45%
Yu
42%
Tan
37%
Yan
36%
Ba
35%
Xian
34%
Chu
33%
Shu
32%
Lu
31%
31%
Wey
31%
26%
Xu
26%
Zou
26%
Yang
24%
Shěn
23%
Cheng
22%
Cheng
22%
Ju
22%
Xing
22%
Zheng
22%
Liao
21%
Liǎo
21%
Pi
21%
Yue
21%
Hua
20%
Gojoseon
18%
Cao
17%
Dao
16%
Liang
16%
Sui
16%
Cai
15%
Dai
15%
Deng
15%
Huang
15%
Lai
14%
Chao
13%
Teng
12%
Quan
11%
Western Guo
10%
Gumie
9%
Guzhu
8%
Huo
8%
Rui
8%
Ruo
8%
Zhoulai
8%

Score Distribution

Percentile by Number Answered

Percent of People with Each Score

Your Score History

You have not taken this quiz